Học Visual Basic qua thực hiện chương trình

Nội dung sách gồm hai phần: phân tích và thực hiện chương trình quản lý hàng hóa và công nợ. Phân tích và thực hiện chương trình thi trắc nghiệm trên mạng cục bộ.

সংরক্ষণ করুন:
গ্রন্থ-পঞ্জীর বিবরন
বিন্যাস: গ্রন্থ
ভাষা:Undetermined
প্রকাশিত: Hà Nội Thống kê 2002
বিষয়গুলি:
ট্যাগগুলো: ট্যাগ যুক্ত করুন
কোনো ট্যাগ নেই, প্রথমজন হিসাবে ট্যাগ করুন!
Thư viện lưu trữ: Trung tâm Học liệu Trường Đại học Cần Thơ
LEADER 00848nam a2200181Ia 4500
001 CTU_232207
008 210402s9999 xx 000 0 und d
082 |a 005.2768 
082 |b H419 
245 0 |a Học Visual Basic qua thực hiện chương trình 
245 0 |c Đinh Thế Hiển ... [et al.] 
260 |a Hà Nội 
260 |b Thống kê 
260 |c 2002 
520 |a Nội dung sách gồm hai phần: phân tích và thực hiện chương trình quản lý hàng hóa và công nợ. Phân tích và thực hiện chương trình thi trắc nghiệm trên mạng cục bộ. 
650 |a Visual Basic (chương trình ngôn ngữ máy tsinh),Visual Basic (Computer program language) 
910 |b dqhieu 
980 |a Trung tâm Học liệu Trường Đại học Cần Thơ